Normal view
MARC view
- Tallat, Dur-e-Shahwar Zahra
Entry Personal Name
001 - CONTROL NUMBER
- control field: 130601
003 - CONTROL NUMBER IDENTIFIER
- control field: NUST
005 - DATE AND TIME OF LATEST TRANSACTION
- control field: 20250923110810.0
008 - FIXED-LENGTH DATA ELEMENTS
- fixed length control field: 250923|| aca||aabn | a|a d
040 ## - CATALOGING SOURCE
- Original cataloging agency: NUST
- Transcribing agency: NUST
100 ## - HEADING--PERSONAL NAME
- Personal name: Tallat, Dur-e-Shahwar Zahra
670 ## - SOURCE DATA FOUND
- Source citation: Work cat.: (NUST): Tallat, Dur-e-Shahwar Zahra, Enhancing Vision Language Models through Continual Learning/
